| 000 | 00982cam a22003013a 4500 | ||
|---|---|---|---|
| 001 | 13003 | ||
| 003 | PGUSA | ||
| 005 | 20140828083300.0 | ||
| 008 | 040723s2004||||xxu|||||s|||||000 | eng d | ||
| 040 |
_aPGUSA _beng |
||
| 042 | _adc | ||
| 050 | 4 | _aF1001 | |
| 100 | 1 |
_aJohnston, Harry Hamilton, _cSir, _d1858-1927 |
|
| 245 | 1 | 0 |
_aPioneers in Canada _h[electronic resource] / _cHarry Hamilton, Johnston |
| 260 |
_bProject Gutenberg, _c2004 |
||
| 506 | _aPublic domain in the USA. | ||
| 516 | _aElectronic text | ||
| 653 | _aFrontier and pioneer life -- Canada | ||
| 653 | _aCanada -- History -- To 1763 (New France) | ||
| 653 | _aPioneers -- Canada -- History | ||
| 653 | _aCanada -- Discovery and exploration | ||
| 653 | _aIndians of North America -- Canada | ||
| 653 | _aNorthwest, Canadian -- Description and travel | ||
| 700 | 1 |
_aWallcousins, E., _d1883-1976 |
|
| 830 | 0 |
_aProject Gutenberg _v13003 |
|
| 856 | 4 | 0 | _uhttp://www.gutenberg.org/ebooks/13003 |
| 942 | _cEB | ||
| 999 |
_c242258 _d242258 |
||